[Event "Milan Autumn op"]
[Site "Milan"]
[Date "2015.09.17"]
[Round "2"]
[White "Maccari, Piergiuseppe"]
[Black "Del Frate, Walter"]
[Result "1-0"]
[WhiteElo "1831"]
[BlackElo "1461"]
[PlyCount "63"]
[EventDate "2015.09.15"]
[EventType "swiss"]
[EventRounds "8"]
[EventCountry "ITA"]
[SourceTitle "EXT 2024"]
[Source "ChessBase"]
[SourceDate "2023.10.10"]
[SourceVersion "1"]
[SourceVersionDate "2023.10.10"]
[SourceQuality "1"]

1. Nf3 d5 2. g3 Nf6 3. Bg2 c5 4. 0-0 Nc6 5. d4 e6 6. c4 dxc4 7. Qa4 cxd4 8. Nxd4 Bd7 9. Nxc6 bxc6 10. Nc3 Be7 11. Qxc4 0-0 12. Rd1 Rc8 13. e4 e5 14. h3 Qc7 15. Be3 Qb7 16. Rd2 Be6 17. Qa4 Nd7 18. Qxa7 Qxa7 19. Bxa7 Ra8 20. Be3 Nf6 21. f4 exf4 22. gxf4 Bb4 23. e5 Bxc3 24. bxc3 Nd5 25. Bc5 Rfc8 26. Rf2 Bf5 27. c4 Nc3 28. Bd6 Ne4 29. Rb2 Rd8 30. c5 Nxc5 31. Bxc5 Ra4 32. Rf1 1-0

[Event "Milan Autumn op"]
[Site "Milan"]
[Date "2015.09.15"]
[Round "1"]
[White "Bonghi, Fabrizio"]
[Black "Maccari, Piergiuseppe"]
[Result "0-1"]
[WhiteElo "1471"]
[BlackElo "1831"]
[PlyCount "36"]
[EventDate "2015.09.15"]
[EventType "swiss"]
[EventRounds "8"]
[EventCountry "ITA"]
[SourceTitle "EXT 2024"]
[Source "ChessBase"]
[SourceDate "2023.10.10"]
[SourceVersion "1"]
[SourceVersionDate "2023.10.10"]
[SourceQuality "1"]

1. d4 Nf6 2. c4 g6 3. Nc3 d5 4. cxd5 Nxd5 5. e4 Nxc3 6. bxc3 Bg7 7. e5 0-0 8. Nf3 c5 9. Be2 Qa5 10. Bd2 Nc6 11. 0-0 Bg4 12. Qc2 Rfd8 13. Be3 Rac8 14. Qb3 cxd4 15. Bxd4 b6 16. Rfd1 Be6 17. Bc4 Bxc4 18. Qxc4 Nxd4 0-1

[Event "Milan SSM July"]
[Site "Milan"]
[Date "2015.07.05"]
[Round "4"]
[White "Vezzosi, Paolo"]
[Black "Maccari, Piergiuseppe"]
[Result "1-0"]
[WhiteElo "2349"]
[BlackElo "1812"]
[PlyCount "67"]
[EventDate "2015.07.02"]
[EventType "swiss"]
[EventRounds "5"]
[EventCountry "ITA"]
[SourceTitle "EXT 2024"]
[Source "ChessBase"]
[SourceDate "2023.10.10"]
[SourceVersion "1"]
[SourceVersionDate "2023.10.10"]
[SourceQuality "1"]

1. e4 c5 2. Nc3 e6 3. Nf3 Nf6 4. e5 Nd5 5. Nxd5 exd5 6. d4 d6 7. c3 Be7 8. exd6 Qxd6 9. dxc5 Qe6+ 10. Be3 Bxc5 11. Bb5+ Bd7 12. 0-0 Bxe3 13. Re1 0-0 14. Rxe3 Qb6 15. Bxd7 Nxd7 16. Qe2 Nf6 17. Re1 h6 18. Nd4 Rfe8 19. Qb5 Rxe3 20. Rxe3 Qxb5 21. Nxb5 Kf8 22. f3 a6 23. Nd4 Re8 24. Kf2 Nd7 25. Rxe8+ Kxe8 26. Nf5 g6 27. Nd6+ Ke7 28. Nxb7 Ne5 29. Ke2 f5 30. b4 Nc6 31. Nc5 d4 32. Nxa6 dxc3 33. Kd3 Kd6 34. Kxc3 1-0

[Event "Milan SSM July"]
[Site "Milan"]
[Date "2015.07.04"]
[Round "3"]
[White "Astengo, Corrado"]
[Black "Maccari, Piergiuseppe"]
[Result "0-1"]
[WhiteElo "2114"]
[BlackElo "1812"]
[PlyCount "114"]
[EventDate "2015.07.02"]
[EventType "swiss"]
[EventRounds "5"]
[EventCountry "ITA"]
[SourceTitle "EXT 2024"]
[Source "ChessBase"]
[SourceDate "2023.10.10"]
[SourceVersion "1"]
[SourceVersionDate "2023.10.10"]
[SourceQuality "1"]

1. e4 c5 2. Nf3 d6 3. d4 cxd4 4. Nxd4 Nf6 5. Nc3 g6 6. Be3 Bg7 7. f3 0-0 8. Qd2 Nc6 9. 0-0-0 Nxd4 10. Bxd4 Be6 11. h4 Qa5 12. h5 Bxa2 13. hxg6 fxg6 14. Nxa2 Qxa2 15. b3 Rfc8 16. Bc4+ Rxc4 17. bxc4 Rc8 18. c5 Rxc5 19. Qd3 Rc4 20. Bc3 b5 21. e5 dxe5 22. Bxe5 Rc5 23. Bb2 b4 24. Qd4 Nh5 25. Qxc5 Qxb2+ 26. Kd2 Bc3+ 27. Kd3 Nf4+ 28. Ke4 Qxc2+ 29. Rd3 Nxd3 30. Qd5+ Kg7 31. Qxd3 Qxg2 32. Rd1 a5 33. Rc1 Qb2 34. Rc2 Qb3 35. f4 Qe6+ 36. Kf3 Qh3+ 37. Ke4 Qxd3+ 38. Kxd3 a4 39. Kc4 Kf6 40. Ra2 Kf5 41. Rxa4 Kxf4 42. Ra7 e5 43. Rxh7 g5 44. Rf7+ Kg3 45. Kd3 g4 46. Rb7 Kg2 47. Rb8 g3 48. Ke3 Be1 49. Ke2 Bc3 50. Rb7 Kg1 51. Rb6 g2 52. Rb7 e4 53. Rb5 b3 54. Rxb3 Kh2 55. Rb5 Bd4 56. Rh5+ Kg3 57. Rg5+ Kh3 0-1

[Event "Milan SSM op 05"]
[Site "Milan"]
[Date "2015.05.24"]
[Round "5"]
[White "Bisignano, Giuseppe"]
[Black "Maccari, Piergiuseppe"]
[Result "0-1"]
[WhiteElo "1824"]
[BlackElo "1751"]
[PlyCount "124"]
[EventDate "2015.05.20"]
[EventType "swiss"]
[EventRounds "6"]
[EventCountry "ITA"]
[SourceTitle "EXT 2017"]
[Source "ChessBase"]
[SourceDate "2016.10.25"]
[SourceVersion "1"]
[SourceVersionDate "2016.10.25"]
[SourceQuality "1"]

1. e4 c5 2. Nf3 d6 3. d4 cxd4 4. Nxd4 Nf6 5. Nc3 g6 6. Be2 Bg7 7. Be3 0-0 8. 0-0 Nc6 9. Re1 Bd7 10. f4 Qb6 11. Rb1 Nxe4 12. Nd5 Qd8 13. Bf3 Nf6 14. b4 Nxd5 15. Bxd5 e6 16. Bf3 Nxd4 17. Bxd4 Bc6 18. Bxc6 bxc6 19. Bxg7 Kxg7 20. Qd4+ Kg8 21. Red1 d5 22. Qc5 Qb6 23. Qd4 Rfb8 24. Rb3 a5 25. a3 Kf8 26. Kf1 Qxd4 27. Rxd4 axb4 28. axb4 Ke7 29. g4 Ra2 30. Rd2 Ra4 31. c3 c5 32. Rd1 cxb4 33. Rdb1 Kd6 34. cxb4 f6 35. Kf2 e5 36. Ke3 Ra2 37. R1b2 Rxb2 38. Rxb2 Rc8 39. g5 f5 40. fxe5+ Kxe5 41. b5 d4+ 42. Kd3 Rc3+ 43. Kd2 Kd5 44. b6 Rc8 45. b7 Rb8 46. Kd3 Kc6 47. Rc2+ Kxb7 48. Kxd4 Re8 49. Kd5 Re3 50. Kd6 Rd3+ 51. Ke5 Rh3 52. Kf6 Kb6 53. Ke5 Kb5 54. Kd5 Kb4 55. Kd4 Kb3 56. Rg2 Rh4+ 57. Kd3 Re4 58. Rg1 Ra4 59. Rb1+ Ka2 60. Rg1 Rb4 61. Rg2+ Rb2 62. Rxb2+ Kxb2 0-1